[Event "SR 2. liga A 2014/2015"]
[Site "?"]
[Date "2014.10.12"]
[Round "2.6"]
[White "Sustak, Roman"]
[Black "Fabry, Robert"]
[Result "0-1"]
[WhiteElo "1877"]
[BlackElo "2129"]
[PlyCount "92"]
[EventDate "2014.??.??"]

1. Nf3 Nf6 2. d4 e6 3. c4 b6 4. Nc3 Bb7 5. e3 Bb4 6. Bd2 O-O 7. Be2 d5 8. O-O
Nbd7 9. cxd5 exd5 10. Qb3 Bd6 11. Nb5 Be7 12. Bb4 c5 13. dxc5 bxc5 14. Ba3 Rb8
15. Qc2 Re8 16. Rfd1 Qb6 17. Nc3 Rbc8 18. Qd2 Qe6 19. Ng5 Qf5 20. Nf3 Bd6 21.
Qd3 Qe6 22. Ng5 Qe7 23. Qf5 Nb6 24. Bf3 h6 25. Nh3 g6 26. Qd3 g5 27. Qf5 Rcd8
28. Rac1 Bc8 29. Qc2 g4 30. Be2 gxh3 31. g3 Qe5 32. b3 Bf5 33. Bd3 Bxd3 34.
Qxd3 Qh5 35. Qf1 Qf5 36. Nb5 Bb8 37. Bxc5 Ne4 38. Nd4 Qd7 39. Bxb6 axb6 40. Rc6
Bd6 41. Qe2 Rc8 42. Rxb6 Nc3 43. Qh5 Nxd1 44. Nf5 Qxf5 45. Qxf5 Rc1 46. Rc6
Nc3# 0-1

[Event "SR 2. liga A 2014/2015"]
[Site "?"]
[Date "2014.10.12"]
[Round "2.6"]
[White "Mikulas, Dusan"]
[Black "Petrakovic, Kamil"]
[Result "1-0"]
[WhiteElo "2073"]
[BlackElo "1808"]
[PlyCount "55"]
[EventDate "2014.??.??"]

1. e4 c5 2. Nf3 g6 3. d4 Bg7 4. Nc3 cxd4 5. Nxd4 a6 6. f4 Nc6 7. Nf3 d6 8. Bd3
Nf6 9. O-O Ng4 10. Qe1 Nb4 11. Kh1 Nxd3 12. cxd3 O-O 13. h3 Nf6 14. g4 h5 15.
f5 hxg4 16. hxg4 e6 17. Bg5 Qc7 18. Qh4 Nh7 19. f6 Bh8 20. Kg2 Bxf6 21. Bxf6
Nxf6 22. Qxf6 Qd8 23. g5 Qxf6 24. gxf6 Rd8 25. Rh1 d5 26. Rh2 dxe4 27. Rah1
exf3+ 28. Kg3 1-0

[Event "SR 2. liga A 2014/2015"]
[Site "?"]
[Date "2014.10.12"]
[Round "2.6"]
[White "Horvath, Marek"]
[Black "Kuna, Vladimir"]
[Result "1/2-1/2"]
[WhiteElo "1817"]
[BlackElo "1989"]
[PlyCount "47"]
[EventDate "2014.??.??"]

1. e4 c5 2. c3 d6 3. d4 cxd4 4. cxd4 g6 5. g3 Bg7 6. Bg2 Nf6 7. Ne2 O-O 8. O-O
Qc7 9. Nbc3 a6 10. Bf4 e5 11. Bg5 Nbd7 12. Rc1 Qa5 13. dxe5 dxe5 14. Qd2 Nb6
15. b3 Be6 16. Rfd1 Rac8 17. Bh6 Bg4 18. Bxg7 Kxg7 19. Qb2 Nbd7 20. h3 Be6 21.
Kh2 b5 22. Nd5 Rxc1 23. Rxc1 b4 24. Nxf6 1/2-1/2

[Event "SR 2. liga A 2014/2015"]
[Site "?"]
[Date "2014.10.12"]
[Round "2.6"]
[White "Hecht, Tomas"]
[Black "Hlubovic, Michal"]
[Result "0-1"]
[WhiteElo "1970"]
[BlackElo "1776"]
[PlyCount "118"]
[EventDate "2014.??.??"]

1. e4 d6 2. d4 Nf6 3. Nc3 e5 4. dxe5 dxe5 5. Qxd8+ Kxd8 6. Bg5 c6 7. Nf3 Bd6 8.
O-O-O Ke7 9. Bc4 Be6 10. Bxe6 fxe6 11. Rd3 Bc7 12. Rhd1 h6 13. Be3 Nbd7 14. g4
Rad8 15. g5 Ng4 16. gxh6 gxh6 17. Nh4 Rhg8 18. h3 Nxe3 19. Rxe3 Rdf8 20. Red3
Nc5 21. R3d2 Ba5 22. f3 Rf4 23. Rg2 Rxg2 24. Nxg2 Rxf3 25. Ne1 Rxh3 26. Nd3
Nxd3+ 27. cxd3 Bb6 28. Kc2 Rh2+ 29. Kb3 Bd4 30. a4 a5 31. Re1 Rd2 32. Rh1 Be3
33. Rh3 Bg5 34. Nb1 Rf2 35. Na3 Bc1 36. Nc4 b5 37. axb5 cxb5 38. Nxa5 Rxb2+ 39.
Kc3 Ra2 40. Nb3 Ba3 41. Rxh6 Kd6 42. d4 b4+ 43. Kc4 Rc2+ 44. Kb5 exd4 45. Nxd4
Rc5+ 46. Ka4 Ke5 47. Nb5 Rc6 48. Rh5+ Kxe4 49. Rh4+ Kd5 50. Rh5+ e5 51. Nxa3
bxa3 52. Kxa3 Kd4 53. Kb3 e4 54. Rh8 Kd3 55. Rd8+ Ke2 56. Kb2 e3 57. Rd7 Ke1
58. Rd8 e2 59. Rd7 Rf6 0-1

[Event "SR 2. liga A 2014/2015"]
[Site "?"]
[Date "2014.10.12"]
[Round "2.6"]
[White "Soldan, Jan"]
[Black "Klimes, Milan"]
[Result "1-0"]
[WhiteElo "1763"]
[BlackElo "1869"]
[PlyCount "41"]
[EventDate "2014.??.??"]

1. e4 e5 2. Nf3 Nc6 3. Bc4 Be7 4. c3 Nf6 5. d3 O-O 6. O-O d6 7. Bb3 h6 8. Be3
Bg4 9. Nbd2 Qd7 10. Qc1 Be6 11. Bc2 Ng4 12. Nb3 Nxe3 13. Qxe3 f5 14. d4 f4 15.
Qd3 exd4 16. Nbxd4 Na5 17. e5 Rfd8 18. Qh7+ Kf8 19. Qh8+ Bg8 20. e6 Qe8 21. Bh7
1-0

[Event "SR 2. liga A 2014/2015"]
[Site "?"]
[Date "2014.11.08"]
[Round "3.1"]
[White "Cech, Dominik"]
[Black "Gabris, Ondrej"]
[Result "1/2-1/2"]
[WhiteElo "2119"]
[BlackElo "2251"]
[PlyCount "26"]
[EventDate "2014.??.??"]

1. e4 c5 2. Ne2 Nc6 3. d4 cxd4 4. Nxd4 g6 5. c4 Nf6 6. Nc3 Nxd4 7. Qxd4 d6 8.
Be2 Bg7 9. Be3 O-O 10. Qd2 Bd7 11. O-O a6 12. f3 Rc8 13. Rab1 Be6 1/2-1/2

[Event "SR 2. liga A 2014/2015"]
[Site "?"]
[Date "2014.11.08"]
[Round "3.1"]
[White "Janos, Ivan"]
[Black "Karas, Marek"]
[Result "1/2-1/2"]
[WhiteElo "2171"]
[BlackElo "2170"]
[PlyCount "36"]
[EventDate "2014.??.??"]

1. e4 e6 2. d4 d5 3. Nc3 Nf6 4. Bg5 Be7 5. e5 Nfd7 6. h4 h6 7. Bxe7 Qxe7 8. Qd2
a6 9. Nf3 c5 10. dxc5 Qxc5 11. Bd3 Qc7 12. O-O Nc6 13. Rfe1 O-O 14. Qe2 Nc5 15.
a3 Bd7 16. Qe3 Nxd3 17. cxd3 f5 18. Ne2 Be8 1/2-1/2

[Event "SR 2. liga A 2014/2015"]
[Site "?"]
[Date "2014.11.08"]
[Round "3.1"]
[White "Petrik, Stanislav"]
[Black "Gazi, Mikulas"]
[Result "1-0"]
[WhiteElo "2147"]
[BlackElo "2098"]
[PlyCount "105"]
[EventDate "2014.??.??"]

1. e4 c5 2. Nf3 d6 3. Bb5+ Nc6 4. O-O Bd7 5. c3 a6 6. Ba4 c4 7. d4 cxd3 8. Qxd3
g6 9. Bf4 Bg7 10. Nbd2 Nf6 11. Rad1 O-O 12. h3 Nb4 13. cxb4 Bxa4 14. b3 Bb5 15.
Nc4 Rc8 16. a4 Bc6 17. Rfe1 d5 18. exd5 Nxd5 19. b5 axb5 20. axb5 Nxf4 21. Qxd8
Rfxd8 22. Rxd8+ Rxd8 23. bxc6 bxc6 24. Rxe7 Rd1+ 25. Kh2 Bf8 26. Rc7 c5 27. Ng5
Nd3 28. Nxf7 Nxf2 29. Ng5 Rd5 30. Ne6 h5 31. Nf4 Rg5 32. Rc8 Ne4 33. Re8 Kf7
34. Rxe4 h4 35. Nd3 Rg3 36. Nde5+ Kf6 37. Nf3 g5 38. Rg4 Rxg4 39. hxg4 Be7 40.
Kg1 Ke6 41. Kf2 Kd5 42. Ke3 Bf6 43. Kd3 Be7 44. Ne3+ Kc6 45. Ke4 Kb5 46. Nd5
Bd8 47. Ne5 Ba5 48. Nc4 Bd8 49. Ke5 Kc6 50. Ke6 Kb5 51. Kd7 Ba5 52. Nxa5 Kxa5
53. Kc6 1-0

[Event "SR 2. liga A 2014/2015"]
[Site "?"]
[Date "2014.11.08"]
[Round "3.1"]
[White "Hartl, Jan"]
[Black "Petrik, Karol"]
[Result "1/2-1/2"]
[WhiteElo "2082"]
[BlackElo "2072"]
[PlyCount "31"]
[EventDate "2014.??.??"]

1. e4 Nc6 2. d4 e6 3. d5 Ne5 4. c4 d6 5. Nc3 Nf6 6. f4 Ng6 7. Nf3 Be7 8. Bd3
O-O 9. O-O c6 10. Kh1 exd5 11. cxd5 cxd5 12. exd5 Nd7 13. Nd4 Bf6 14. Be3 Nc5
15. Bc2 Bd7 16. Qh5 1/2-1/2

[Event "SR 2. liga A 2014/2015"]
[Site "?"]
[Date "2014.11.08"]
[Round "3.1"]
[White "Helbich, Branislav"]
[Black "Zacik, Anton"]
[Result "1/2-1/2"]
[WhiteElo "2027"]
[BlackElo "1936"]
[PlyCount "115"]
[EventDate "2014.??.??"]

1. e4 c5 2. Nf3 e6 3. d4 cxd4 4. Nxd4 Nf6 5. Bd3 e5 6. Ne2 d5 7. exd5 Qxd5 8.
O-O Be7 9. Nbc3 Qd8 10. Ng3 Bg4 11. f3 Be6 12. Be3 Qc8 13. Qe2 O-O 14. Rfe1 Nc6
15. a3 a6 16. Qf2 g6 17. Rad1 Nd7 18. f4 f5 19. Qd2 e4 20. Bf1 Nf6 21. Qc1 Qc7
22. Na4 Nd7 23. b4 b5 24. Nb2 Nf6 25. c4 Nxb4 26. axb4 Bxb4 27. cxb5 Qxc1 28.
Rxc1 Bxe1 29. Rxe1 axb5 30. Bxb5 Rfc8 31. Be2 Nd5 32. Nf1 Nxe3 33. Nxe3 h6 34.
Nbc4 Bxc4 35. Bxc4+ Kg7 36. Bd5 Ra5 37. Rd1 Rc7 38. Rd2 Ra3 39. Kf2 Rcc3 40.
Re2 Rc1 41. Rb2 Rcc3 42. Re2 Ra5 43. Be6 Ra6 44. Bd7 Rd6 45. Bb5 Rd8 46. Ra2
Rc7 47. Be2 Rf8 48. Ra6 g5 49. g3 Rb7 50. Nc4 gxf4 51. gxf4 Rf6 52. Nd6 Rb8 53.
Ke3 Kg6 54. Kd4 Rb2 55. Ke3 Rb8 56. h4 h5 57. Kd4 Rb2 58. Bc4 1/2-1/2

[Event "SR 2. liga A 2014/2015"]
[Site "?"]
[Date "2014.11.08"]
[Round "3.1"]
[White "Srna, Jan"]
[Black "Krajnak, Robert"]
[Result "1/2-1/2"]
[WhiteElo "1957"]
[BlackElo "2103"]
[PlyCount "114"]
[EventDate "2014.??.??"]

1. d4 g6 2. b3 Bg7 3. Bb2 c5 4. e3 Nc6 5. Nf3 Nh6 6. Be2 O-O 7. O-O d6 8. a3
Bg4 9. h3 Bxf3 10. Bxf3 cxd4 11. exd4 Nf5 12. c3 Rc8 13. Nd2 d5 14. Re1 e6 15.
g3 b5 16. Bg2 a5 17. b4 a4 18. g4 Nd6 19. f4 Ne7 20. Rc1 Rc6 21. Bf1 Qc7 22.
Be2 Rc8 23. Rf1 Qb8 24. Bd3 R8c7 25. Qe2 Bh6 26. Rce1 Qb6 27. Kg2 Qb7 28. Bb1
Rb6 29. Qf3 Qa8 30. Re2 f5 31. Qd3 Ne4 32. g5 Bg7 33. Rc1 Kf7 34. Nf3 Nc8 35.
Ba2 Ncd6 36. Qd1 Rbc6 37. Ne1 Nc4 38. Bxc4 Rxc4 39. Rec2 Qc8 40. Qd3 Bf8 41.
Kf3 Bd6 42. Ng2 Rb7 43. h4 Bb8 44. Qe3 Ba7 45. Ne1 e5 46. Kg2 exf4 47. Qxf4
Rbc7 48. Qf3 Bb8 49. Nd3 Re7 50. Re1 Qe8 51. Bc1 Ng3 52. Ne5+ Bxe5 53. Qxd5+
Kf8 54. Rxe5 Rxe5 55. dxe5 Ne4 56. Bf4 Nxc3 57. Qb7 Kg8 {neèitatelny zapis}
1/2-1/2

[Event "SR 2. liga A 2014/2015"]
[Site "?"]
[Date "2014.11.08"]
[Round "3.1"]
[White "Orosi, Peter"]
[Black "Petrigacova, Daniela"]
[Result "0-1"]
[WhiteElo "2041"]
[BlackElo "1829"]
[PlyCount "128"]
[EventDate "2014.??.??"]

1. e4 d5 2. exd5 Qxd5 3. Nf3 Nf6 4. d4 Bf5 5. c4 Qd8 6. Nc3 e6 7. Be2 Be7 8.
O-O h6 9. Ne5 Nbd7 10. Bf3 c6 11. Qb3 Qb6 12. Nxd7 Nxd7 13. d5 Qxb3 14. axb3
cxd5 15. cxd5 O-O 16. d6 Bf6 17. Be3 Bd3 18. Rfd1 Bc2 19. Rd2 Bxb3 20. Ra3 Bc4
21. Bxb7 Rab8 22. Rxa7 Bxc3 23. bxc3 Bd5 24. Rb2 Rfd8 25. Rb4 Bxb7 26. Rbxb7
Rxb7 27. Rxb7 Nf6 28. Rb6 Ne4 29. f3 Nxc3 30. Kf2 Nd5 31. Rb3 Nxe3 32. Rxe3
Rxd6 33. Ke2 Kf8 34. Ra3 Ke7 35. f4 g6 36. g4 Rd4 37. Kf3 g5 38. fxg5 hxg5 39.
Ra5 Kf6 40. h3 Rd3+ 41. Kg2 Re3 42. Ra6 Ke5 43. Ra7 f5 44. gxf5 exf5 45. Rh7
Kf4 46. Rh5 g4 47. hxg4 fxg4 48. Rh8 Re2+ 49. Kf1 Ra2 50. Rh7 Kg3 51. Rh8 Ra1+
52. Ke2 Kg2 53. Rh7 g3 54. Rh8 Kg1 55. Rh6 Kg2 56. Rh8 Ra2+ 57. Ke1 Rf2 58. Rh7
Rf4 59. Re7 Kg1 60. Ke2 g2 61. Rh7 Re4+ 62. Kf3 Re6 63. Rd7 Rh6 64. Rg7 Kf1 0-1

[Event "SR 2. liga A 2014/2015"]
[Site "?"]
[Date "2014.11.08"]
[Round "3.1"]
[White "Varholak, Peter"]
[Black "Nemsak, Denis"]
[Result "0-1"]
[WhiteElo "1757"]
[BlackElo "1957"]
[PlyCount "56"]
[EventDate "2014.??.??"]

1. e4 d5 2. exd5 Nf6 3. d4 Nxd5 4. Nf3 g6 5. Bc4 Nb6 6. Bb3 Bg7 7. O-O O-O 8.
c3 Nc6 9. Re1 Na5 10. Bg5 Re8 11. Nbd2 Nxb3 12. axb3 h6 13. Bf4 Nd7 14. Ne4 g5
15. Bxg5 hxg5 16. Nfxg5 Nf6 17. Nxf6+ exf6 18. Ne4 Bf5 19. f3 Qd7 20. h4 a6 21.
g4 Bh7 22. Kf2 f5 23. Nc5 Qd6 24. Rxe8+ Rxe8 25. Qg1 fxg4 26. Re1 Rxe1 27. Kxe1
gxf3 28. Qg4 Qe7+ 0-1

[Event "SR 2. liga A 2014/2015"]
[Site "?"]
[Date "2014.11.08"]
[Round "3.2"]
[White "Takacs, Laszlo"]
[Black "Bronis, Marian"]
[Result "1-0"]
[WhiteElo "2110"]
[BlackElo "2157"]
[PlyCount "37"]
[EventDate "2014.??.??"]

1. e4 c5 2. Nf3 a6 3. c3 d5 4. exd5 Qxd5 5. d4 Nf6 6. Be3 cxd4 7. cxd4 e6 8.
Nc3 Qd8 9. Bd3 Be7 10. Qc2 Nc6 11. a3 Nd5 12. Nxd5 Qxd5 13. O-O Bd7 14. Be4 Qh5
15. Rfd1 f5 16. Bxc6 Bxc6 17. d5 exd5 18. Bc5 Bf6 19. Qe2+ 1-0

[Event "SR 2. liga A 2014/2015"]
[Site "?"]
[Date "2014.11.08"]
[Round "3.2"]
[White "Biro, Karol"]
[Black "Kalmar, Tamas"]
[Result "1-0"]
[WhiteElo "2136"]
[BlackElo "1966"]
[PlyCount "75"]
[EventDate "2014.??.??"]

1. c4 e6 2. Nc3 d5 3. d4 Nf6 4. Nf3 Be7 5. Bg5 c6 6. e3 Nbd7 7. Qc2 O-O 8. a3
b6 9. Bd3 dxc4 10. Bxc4 Bb7 11. Rd1 h6 12. Bh4 Nd5 13. Bg3 Nxc3 14. Qxc3 Nf6
15. O-O Ne4 16. Qc2 Nxg3 17. hxg3 Qc7 18. Ba2 Rac8 19. Ne5 Bd6 20. Bb1 f5 21.
Ba2 Rce8 22. Nd3 c5 23. Nf4 Rf6 24. dxc5 Bxf4 25. exf4 Qc6 26. f3 Rc8 27. Rfe1
Kh8 28. Re5 bxc5 29. Bc4 Rg6 30. Qf2 Qb6 31. Re2 Rc6 32. Qe1 Ba6 33. Qc3 Bxc4
34. Qxc4 a6 35. Rc2 Rf6 36. Re1 Rf8 37. Re5 Rfc8 38. b4 1-0

[Event "SR 2. liga A 2014/2015"]
[Site "?"]
[Date "2014.11.08"]
[Round "3.2"]
[White "Meszaros, Lorant"]
[Black "Sukuba, Zdeno"]
[Result "0-1"]
[WhiteElo "2071"]
[BlackElo "2096"]
[PlyCount "58"]
[EventDate "2014.??.??"]

1. d4 Nf6 2. c4 e6 3. g3 d5 4. Bg2 dxc4 5. Nf3 Nbd7 6. Qa4 a6 7. Qxc4 Bd6 8.
O-O O-O 9. Bf4 Qe7 10. Bxd6 Qxd6 11. Nc3 e5 12. Rad1 Nb6 13. Qb3 exd4 14. Rxd4
Qe7 15. Qc2 Be6 16. Rh4 g6 17. Qc1 Rfe8 18. e4 h5 19. h3 Kg7 20. e5 Nfd7 21. g4
Nxe5 22. g5 Nxf3+ 23. Bxf3 Bc4 24. Rd1 Rad8 25. Rxd8 Rxd8 26. Ne4 Qe5 27. Nf6
Be2 28. Bxe2 Qxe2 29. Qc3 Rd1+ 0-1

[Event "SR 2. liga A 2014/2015"]
[Site "?"]
[Date "2014.11.08"]
[Round "3.2"]
[White "Danek, Pavol"]
[Black "Darazs, Zoltan"]
[Result "1/2-1/2"]
[WhiteElo "2211"]
[BlackElo "2128"]
[PlyCount "117"]
[EventDate "2014.??.??"]

1. d4 Nf6 2. Nf3 g6 3. c4 Bg7 4. Nc3 d5 5. Bf4 c5 6. e3 O-O 7. Be2 cxd4 8. Nxd4
a6 9. O-O dxc4 10. Bxc4 Nh5 11. Bg5 h6 12. Bh4 Nf6 13. Bg3 Nh5 14. Bh4 Nf6 15.
Qc2 b5 16. Bb3 g5 17. Bg3 Bb7 18. Nf5 b4 19. Nxg7 Kxg7 20. Na4 Nbd7 21. Rfd1
Qc8 22. Qd2 Qc6 23. f3 Nc5 24. Qxb4 Nxb3 25. axb3 Nd5 26. Qd4+ f6 27. Rac1 Qe8
28. f4 Rd8 29. Nc5 Bc8 30. Ne4 Nxf4 31. Qxd8 Qxd8 32. Rxd8 Ne2+ 33. Kf2 Nxc1
34. Rxf8 Kxf8 35. Nc5 e5 36. e4 Ke7 37. Ke1 Kd6 38. Bf2 a5 39. Kd2 Na2 40. Nd3
Bb7 41. Bc5+ Ke6 42. Ke3 f5 43. exf5+ Kxf5 44. Bb6 Bxg2 45. Bxa5 Bc6 46. Bc3 e4
47. Nf2 g4 48. Be1 h5 49. Nh1 Nc1 50. Ng3+ Kg6 51. Nxe4 Nxb3 52. Bh4 Bd5 53.
Nc3 Bc4 54. Kf4 Nc5 55. Nd1 Bb3 56. Ne3 Nd3+ 57. Kg3 Nxb2 58. Nxg4 hxg4 59.
Kxg4 1/2-1/2

[Event "SR 2. liga A 2014/2015"]
[Site "?"]
[Date "2014.11.08"]
[Round "3.2"]
[White "Vegh, Vince"]
[Black "Petreje, Juraj"]
[Result "1-0"]
[WhiteElo "1919"]
[BlackElo "2060"]
[PlyCount "59"]
[EventDate "2014.??.??"]

1. e4 g6 2. d4 Bg7 3. f4 d6 4. Nf3 Bg4 5. Be3 Nf6 6. Bd3 Nc6 7. c3 Nh5 8. a3
Bh6 9. O-O Bxf4 10. Bxf4 Nxf4 11. h3 Nxd3 12. hxg4 Nf4 13. g3 Nh3+ 14. Kh2 Qd7
15. Kxh3 h5 16. Nh2 hxg4+ 17. Kg2 f5 18. Qd3 e6 19. Nd2 O-O-O 20. Rh1 Rh3 21.
Qe3 Rdh8 22. Rae1 e5 23. d5 Qh7 24. Ndf1 Nb8 25. c4 f4 26. Qg1 fxg3 27. Nxg3
Rxg3+ 28. Kxg3 Qh4+ 29. Kg2 Rf8 30. Qe3 1-0

[Event "SR 2. liga A 2014/2015"]
[Site "?"]
[Date "2014.11.08"]
[Round "3.2"]
[White "Povysil, Peter"]
[Black "Szitasi, Janos"]
[Result "0-1"]
[WhiteElo "1997"]
[BlackElo "1943"]
[PlyCount "80"]
[EventDate "2014.??.??"]

1. Nf3 d5 2. g3 c5 3. Bg2 Nc6 4. O-O Nf6 5. d3 e6 6. Nbd2 Be7 7. e4 O-O 8. e5
Nd7 9. Re1 Qc7 10. Qe2 f6 11. exf6 Nxf6 12. Nb3 Bd6 13. c4 Bd7 14. d4 cxd4 15.
c5 Be7 16. Bf4 Qc8 17. Rac1 Ne4 18. Nfxd4 Nxd4 19. Nxd4 Bf6 20. Bxe4 Bxd4 21.
Bxh7+ Kxh7 22. Qd3+ Kg8 23. Qxd4 Qc6 24. Re5 Rf5 25. g4 Rf7 26. Rg5 Re8 27. Be5
Ree7 28. Bd6 Re8 29. Rc3 Qa4 30. Qe5 Qd1+ 31. Kg2 d4 32. Rg3 Bc6+ 33. Kh3 Qf1+
34. Kh4 Qxf2 35. Rg6 Bd5 36. Kg5 Qd2+ 37. Kh5 Qxh2+ 38. Kg5 Qd2+ 39. Kh5 Qd1
40. Rh3 Rf5+ 0-1

[Event "SR 2. liga A 2014/2015"]
[Site "?"]
[Date "2014.11.08"]
[Round "3.2"]
[White "Szekely, Stefan"]
[Black "Mandak, Miroslav"]
[Result "0-1"]
[WhiteElo "1893"]
[BlackElo "2003"]
[PlyCount "48"]
[EventDate "2014.??.??"]

1. c4 e5 2. Nc3 Nf6 3. d3 h6 4. Nf3 Nc6 5. g3 d6 6. Bg2 Be6 7. Rb1 d5 8. cxd5
Nxd5 9. O-O Be7 10. Bd2 O-O 11. b3 Qd7 12. Nxd5 Bxd5 13. Bc3 f6 14. d4 exd4 15.
Ne1 Rad8 16. Bd2 Bxg2 17. Nxg2 a5 18. Nf4 Bd6 19. Qc1 Rfe8 20. Nd3 b6 21. b4
Nxb4 22. Nxb4 axb4 23. Bxb4 c5 24. Bd2 Qe6 0-1

[Event "SR 2. liga A 2014/2015"]
[Site "?"]
[Date "2014.11.08"]
[Round "3.2"]
[White "Kebis, Milos"]
[Black "Both, Lajos"]
[Result "1/2-1/2"]
[WhiteElo "1942"]
[BlackElo "1823"]
[PlyCount "61"]
[EventDate "2014.??.??"]

1. Nf3 Nf6 2. d4 d6 3. Nbd2 Nbd7 4. e4 e5 5. Be2 g6 6. O-O Bg7 7. c3 O-O 8. Qc2
b6 9. Nc4 Re8 10. d5 Nc5 11. Nfd2 Bd7 12. a4 a5 13. b3 Re7 14. Na3 Ng4 15. Nb5
f5 16. h3 Nf6 17. f3 f4 18. b4 Nb7 19. Nb3 Nh5 20. Bd3 Rf7 21. Bd2 Ng3 22. Rf2
Bc8 23. bxa5 Nxa5 24. Nxa5 Rxa5 25. c4 Ra8 26. a5 Bf8 27. Ra2 Bb7 28. axb6 cxb6
29. Bb4 Ba6 30. Qa4 Rb7 31. Qa3 1/2-1/2

[Event "SR 2. liga A 2014/2015"]
[Site "?"]
[Date "2014.11.08"]
[Round "3.3"]
[White "Rohacek, Miroslav"]
[Black "Federic, Jozef"]
[Result "1-0"]
[WhiteElo "2272"]
[BlackElo "2305"]
[PlyCount "79"]
[EventDate "2014.??.??"]

1. d4 Nf6 2. Nf3 e6 3. c4 b6 4. g3 Ba6 5. Qa4 c5 6. Bg2 Bb7 7. O-O Be7 8. Nc3
O-O 9. Bf4 Ne4 10. Nxe4 Bxe4 11. Rfd1 d6 12. Rd2 Qc7 13. dxc5 bxc5 14. Rad1 Rd8
15. Bxd6 Bxd6 16. Rxd6 Nc6 17. Rxd8+ Rxd8 18. Rxd8+ Qxd8 19. Ne5 Nxe5 20. Bxe4
g6 21. Qxa7 Nxc4 22. Kg2 Qd4 23. Qa8+ Kg7 24. b3 Na3 25. Qc6 Qe5 26. Bd3 Qd4
27. h4 Kf6 28. Kf3 Kg7 29. Kg2 Qe5 30. Kf3 Qf6+ 31. Kg2 Qe5 32. e3 Qc3 33. Be4
Qe5 34. Bd3 Qc3 35. Qd6 h5 36. Be4 Qb4 37. Qe5+ Kg8 38. Bd3 Qa5 39. Kf3 Qb4 40.
Qf6 1-0

[Event "SR 2. liga A 2014/2015"]
[Site "?"]
[Date "2014.11.08"]
[Round "3.3"]
[White "Matejovic, Juraj"]
[Black "Maslikova, Veronika"]
[Result "1/2-1/2"]
[WhiteElo "2203"]
[BlackElo "2234"]
[PlyCount "95"]
[EventDate "2014.??.??"]

1. e4 c5 2. Nf3 e6 3. d4 cxd4 4. Nxd4 a6 5. Nc3 Qc7 6. Be2 Bb4 7. O-O Bxc3 8.
bxc3 Qxc3 9. Rb1 Nf6 10. Rb3 Qc7 11. Rg3 Nxe4 12. Rxg7 Qe5 13. Rg4 h5 14. Nf3
Qd5 15. Qxd5 exd5 16. Rf4 d6 17. Bb2 Rg8 18. Rh4 Bg4 19. h3 Be6 20. c4 Nd7 21.
cxd5 Bxd5 22. Rxh5 Bc6 23. Rc1 Nec5 24. g3 O-O-O 25. Nd4 Be4 26. Nf5 Kc7 27.
Bd4 b6 28. Bxa6 Ne5 29. Nh4 Ra8 30. Bxe5 Rxa6 31. Bf4 Rxa2 32. Rh6 Kb7 33. Bxd6
Nd3 34. Rf1 Rga8 35. Rf6 Ra1 36. Rxf7+ Kc6 37. Rf6 Kd5 38. f3 Bh7 39. Rh6 b5
40. Rxh7 Kxd6 41. Nf5+ Ke5 42. Ne3 Rxf1+ 43. Kxf1 Kd4 44. Re7 Ra1+ 45. Ke2 Ra2+
46. Kd1 Nf2+ 47. Kc1 Nd3+ 48. Kd1 1/2-1/2

[Event "SR 2. liga A 2014/2015"]
[Site "?"]
[Date "2014.11.08"]
[Round "3.3"]
[White "Kimerling, Martin"]
[Black "Mydlarik, Martin"]
[Result "1-0"]
[WhiteElo "2157"]
[BlackElo "2138"]
[PlyCount "63"]
[EventDate "2014.??.??"]

1. d4 Nf6 2. c4 e5 3. dxe5 Ng4 4. Nf3 Bb4+ 5. Bd2 Bxd2+ 6. Qxd2 Nc6 7. Qf4 d6
8. exd6 cxd6 9. e3 O-O 10. Be2 d5 11. O-O dxc4 12. Bxc4 Na5 13. Be2 Qb6 14. b3
Nf6 15. Rd1 Bg4 16. Nbd2 Rad8 17. Ne4 Nxe4 18. Qxe4 Bh5 19. Rd5 Bg6 20. Qd4
Rxd5 21. Qxd5 Rd8 22. Qg5 h6 23. Qf4 Nc6 24. Bc4 Qc5 25. Nh4 b5 26. Be2 Bc2 27.
Nf3 Rd7 28. Rc1 Nb4 29. Nd4 Qc3 30. Qb8+ Kh7 31. Qxb5 Bd3 32. Bxd3+ 1-0

[Event "SR 2. liga A 2014/2015"]
[Site "?"]
[Date "2014.11.08"]
[Round "3.3"]
[White "Antol, Ladislav"]
[Black "Sahidi, Samir"]
[Result "1-0"]
[WhiteElo "2045"]
[BlackElo "2026"]
[PlyCount "103"]
[EventDate "2014.??.??"]

1. e4 c5 2. Nf3 e6 3. c3 d5 4. exd5 Qxd5 5. d4 Nc6 6. Be3 cxd4 7. Nxd4 Nxd4 8.
Qxd4 Nf6 9. Na3 Bxa3 10. bxa3 O-O 11. Qxd5 Nxd5 12. Bc5 Rd8 13. c4 b6 14. Bb4
Nf4 15. g3 Bb7 16. Rg1 Ng6 17. f4 Rac8 18. Rd1 Rxd1+ 19. Kxd1 Ba6 20. Rg2 Bxc4
21. Bxc4 Rxc4 22. Rd2 Rc8 23. Rd7 a5 24. Bd2 h6 25. Rb7 Rc6 26. Be3 Rc3 27. Bc1
h5 28. Rxb6 h4 29. Rb3 Rc5 30. Bb2 Ne7 31. Rb8+ Nc8 32. a4 Rc4 33. Kd2 Kh7 34.
Kd3 hxg3 35. hxg3 Rxa4 36. Rxc8 Rxa2 37. Kc3 a4 38. Ra8 Kg6 39. g4 f6 40. Kc2
a3 41. Rxa3 Rxa3 42. Bxa3 f5 43. g5 e5 44. fxe5 Kxg5 45. Kd3 Kg6 46. Kd4 Kf7
47. Kd5 g5 48. e6+ Ke8 49. Ke5 f4 50. Kf5 f3 51. Bc5 g4 52. Kxg4 1-0

[Event "SR 2. liga A 2014/2015"]
[Site "?"]
[Date "2014.11.08"]
[Round "3.3"]
[White "Sklars, Tomas"]
[Black "Mruskovic, Radoslav"]
[Result "1/2-1/2"]
[WhiteElo "2005"]
[BlackElo "1986"]
[PlyCount "66"]
[EventDate "2014.??.??"]

1. Nc3 c5 2. e4 Nc6 3. Nf3 g6 4. d4 cxd4 5. Nxd4 Bg7 6. Be3 d6 7. Qd2 Nf6 8. f3
h5 9. O-O-O a6 10. Kb1 Nxd4 11. Bxd4 Be6 12. Nd5 Bxd5 13. exd5 Qd7 14. Be2 Qf5
15. Bc3 Rc8 16. g4 hxg4 17. fxg4 Qd7 18. Bf3 Rh3 19. Rdf1 Rxf3 20. Rxf3 Ne4 21.
Qf4 Nxc3+ 22. bxc3 Qb5+ 23. Kc1 Qxd5 24. Rhf1 Bf6 25. Qa4+ Kf8 26. Kb2 Rc5 27.
h4 Ra5 28. Qd7 Qxa2+ 29. Kc1 Rb5 30. Rxf6 Qa3+ 31. Kd2 Rd5+ 32. Ke2 Re5+ 33.
Kd2 Rd5+ 1/2-1/2

[Event "SR 2. liga A 2014/2015"]
[Site "?"]
[Date "2014.11.08"]
[Round "3.3"]
[White "Sustak, Roman"]
[Black "Macko, Miroslav"]
[Result "0-1"]
[WhiteElo "1877"]
[BlackElo "2010"]
[PlyCount "52"]
[EventDate "2014.??.??"]

1. Nf3 Nf6 2. d4 c5 3. dxc5 Nc6 4. a3 e6 5. b4 Be7 6. Bb2 O-O 7. g3 b6 8. cxb6
Qxb6 9. Bg2 a5 10. Bd4 Nxd4 11. Qxd4 Rb8 12. Qxb6 Rxb6 13. Nbd2 axb4 14. axb4
Bxb4 15. Rb1 Ba6 16. c3 Ba5 17. Rxb6 Bxb6 18. Ne5 Rc8 19. Nb1 d5 20. e3 Ne4 21.
c4 f6 22. Nd3 Bxc4 23. Bxe4 dxe4 24. Nc1 Rd8 25. Ne2 Ba5+ 26. Nec3 Bd3 0-1

[Event "SR 2. liga A 2014/2015"]
[Site "?"]
[Date "2014.11.08"]
[Round "3.3"]
[White "Lintner, Igor"]
[Black "Petrakovic, Kamil"]
[Result "1-0"]
[WhiteElo "1941"]
[BlackElo "1808"]
[PlyCount "69"]
[EventDate "2014.??.??"]

1. e4 c5 2. Nf3 g6 3. d4 Bg7 4. Nc3 cxd4 5. Nxd4 d6 6. Bc4 Nf6 7. O-O O-O 8. f3
Nbd7 9. Be3 a6 10. a4 Qc7 11. Qe2 Ne5 12. Bb3 Nc6 13. Qf2 Na5 14. Rfd1 Nc4 15.
Bxc4 Qxc4 16. Nb3 Nd7 17. Bd4 Qc7 18. Nd5 Qd8 19. Bxg7 Kxg7 20. a5 Kg8 21. f4
e6 22. Ne3 Qc7 23. f5 Nc5 24. f6 Nxe4 25. Qf4 Nxf6 26. Qxf6 d5 27. Rxd5 Re8 28.
Rc5 Qe7 29. Qxe7 Rxe7 30. Rd1 Re8 31. Ng4 Kg7 32. Ne5 Kf6 33. Rf1+ Ke7 34.
Rxf7+ Kd6 35. Nc4# 1-0

[Event "SR 2. liga A 2014/2015"]
[Site "?"]
[Date "2014.11.08"]
[Round "3.3"]
[White "Soldan, Jan"]
[Black "Suchansky, Jakub"]
[Result "1-0"]
[WhiteElo "1763"]
[BlackElo "1910"]
[PlyCount "59"]
[EventDate "2014.??.??"]

1. e4 c5 2. Nf3 e6 3. d4 cxd4 4. Nxd4 Nf6 5. Nc3 Bb4 6. Bd3 a6 7. O-O Qc7 8.
Nce2 d5 9. exd5 Nxd5 10. c4 Nf6 11. Qa4+ Bd7 12. Qxb4 Nc6 13. Nxc6 Bxc6 14. Bf4
e5 15. Be3 g5 16. Bf5 a5 17. Bb6 Qb8 18. Bxa5 h5 19. Rad1 Nd7 20. Bxd7+ Bxd7
21. Bb6 Rh6 22. c5 Ra4 23. Qd2 Qc8 24. Qxg5 Rg6 25. Qxe5+ Kf8 26. Qh8+ Rg8 27.
Qh6+ Ke8 28. Rfe1 Rxg2+ 29. Kxg2 Bc6+ 30. Kg1 1-0